00523 2200169 4500245007700000020002200077250001100099100002300110700001800133650003200151005001900183260009700202041001400299084001200313300001900325336000900344 aModel Pembelajaran Literasi untuk Pembaca AwalcBambang TrimansyahhText a978-602-437-973-5 aCet. 1 aBambang Trimansyah aWenny Oktavia aModel Pembelajaran Literasi a20241106081205 aJakartabBadan Pengembangan Bahasa dan Perbukuan Kementerian Pendidikan dan Kebudayaanc2019 aIndonesia a032.224 a64 Hlm. :cPDF atext